<?xml version="1.0" encoding="UTF-8"?>
<resp>
  <nextPage>https://data.bn.org.pl/api/networks/bibs.marcxml?marc=001+b00001150002174&amp;sinceId=1150002175</nextPage>
  <collection>
    <record xmlns='http://www.loc.gov/MARC21/slim'><leader>01067namZa2200325ZiZ4500</leader><controlfield tag='001'>b00001150002174</controlfield><controlfield tag='005'>20260403094846.4</controlfield><controlfield tag='008'>230609s        pl           |000 0 pol c</controlfield><controlfield tag='009'>9913262483105606</controlfield><datafield ind1=' ' ind2=' ' tag='020'><subfield code='a'>8389278618</subfield></datafield><datafield ind1=' ' ind2=' ' tag='035'><subfield code='a'>KR_1KR_1_20120317231930001975-48omnis_kr</subfield></datafield><datafield ind1=' ' ind2=' ' tag='035'><subfield code='a'>KR_1_20120317231930001975</subfield><subfield code='9'>ExL</subfield></datafield><datafield ind1=' ' ind2=' ' tag='035'><subfield code='a'>(PL)b00001150002174</subfield></datafield><datafield ind1=' ' ind2=' ' tag='040'><subfield code='a'>KR_1</subfield><subfield code='c'>KR_1</subfield></datafield><datafield ind1='1' ind2=' ' tag='041'><subfield code='a'>pol</subfield><subfield code='h'>eng</subfield></datafield><datafield ind1='1' ind2=' ' tag='100'><subfield code='a'>Marvell, Patricia</subfield></datafield><datafield ind1='1' ind2='0' tag='245'><subfield code='a'>Orchidee też się śmieją /</subfield><subfield code='c'>Patricia Marvell ; przeł. Karolina Jaźwińska.</subfield></datafield><datafield ind1=' ' ind2=' ' tag='260'><subfield code='a'>W-wa :</subfield><subfield code='b'>&quot;Elf&quot;,</subfield><subfield code='c'>2006.</subfield></datafield><datafield ind1=' ' ind2=' ' tag='300'><subfield code='a'>124 s. ;</subfield><subfield code='c'>19 cm.</subfield></datafield><datafield ind1='1' ind2=' ' tag='490'><subfield code='a'>Nie dla Mamy, nie dla Taty, lecz dla Każdej Małolaty</subfield></datafield><datafield ind1=' ' ind2=' ' tag='500'><subfield code='a'>d</subfield></datafield><datafield ind1='1' ind2=' ' tag='700'><subfield code='a'>Jaźwińska, Karolina</subfield><subfield code='e'>Tł.</subfield></datafield><datafield ind1=' ' ind2=' ' tag='852'><subfield code='b'>48OMNIS_NETWORK</subfield><subfield code='8'>9913262483105606</subfield></datafield><datafield ind1=' ' ind2=' ' tag='852'><subfield code='b'>48OMNIS_TL</subfield><subfield code='8'>991000051979708218</subfield></datafield><datafield ind1=' ' ind2=' ' tag='852'><subfield code='8'>224381300008218</subfield><subfield code='j'>1</subfield><subfield code='b'>TL_3_1</subfield><subfield code='p'>W00457</subfield><subfield code='c'>TL_3_1_1</subfield></datafield><datafield ind1=' ' ind2=' ' tag='852'><subfield code='8'>224381340008218</subfield><subfield code='j'>1</subfield><subfield code='b'>TL_4_1</subfield><subfield code='p'>008031OD</subfield><subfield code='c'>TL_4_1_5</subfield></datafield><datafield ind1=' ' ind2=' ' tag='920'><subfield code='a'>83-89278-61-8</subfield></datafield></record>
  </collection>
</resp>
